00673nam a2200169 4500001000700000003000900007005001700016007000300033008004100036100001800077245021100095260006900306300002100375651005100396710003100447852002500478106876ES-MaACL20230906184311.0t|061121s1910 sp r ||||1| spa d1 aMora, Felipe.10aCanalización del Manzanares y su navegación a enlazar con el Jarama y el Tajo hasta Lisboa b: Centro de Hijos de Madrid, sesión del día 1º de abril de 1910 / cconferencia dada por D. Felipe Mora. aMadrid : bCentro de Hijos de Madrid, c1910 (fImp. R. Velasco) a16 p. ; c23 cm. aManzanares (España, Río)-xCanalización.2 aCentro de Hijos de Madrid. aES-MaACLjT-1214-F-7